000 00979nam a2200229Ii 4500
003 JO-AjNU
008 230605s9999||||xx |||||||||||||| ||und||
017 _a2021/7/3793
020 _a978-9923-25-431-8
040 _aJO-AjNU
_bara
_erda
_cJO-AjNU
041 _aara
050 1 4 _aHJ199.2022
100 3 _aالسعدي، اخلاص قاسم، م مشارك حنين عامر القرغولي,
_eauthor
_963169
245 0 0 _aالشفافية المالية والاستقرار السياسي والاقتصادي للبلدان النامية
250 _aط1
264 3 1 _aعمان: دار امجد للنشر والتوزيع، 2021
300 _a352ص
336 _atext
_btxt
_2rdacontent
337 _aunmediated
_bn
_2rdamedia
338 _avolume
_bnc
_2rdacarrier
650 4 _aالسياسة المالية-الاستقرار الاقتصادي-الاستقرار السياسي-الادارة المالية الحكومية-البلدان النامية
_963170
999 _aA28639
_c32207
_d32207